<?xml version="1.0" encoding="UTF-8"?><?xml-stylesheet type="text/xsl" href="static/style.xsl"?><OAI-PMH xmlns="http://www.openarchives.org/OAI/2.0/" xmlns:xsi="http://www.w3.org/2001/XMLSchema-instance" xsi:schemaLocation="http://www.openarchives.org/OAI/2.0/ http://www.openarchives.org/OAI/2.0/OAI-PMH.xsd"><responseDate>2026-04-14T06:49:30Z</responseDate><request verb="GetRecord" identifier="oai:www.recercat.cat:2445/187220" metadataPrefix="marc">https://recercat.cat/oai/request</request><GetRecord><record><header><identifier>oai:recercat.cat:2445/187220</identifier><datestamp>2025-12-05T13:09:44Z</datestamp><setSpec>com_2072_1057</setSpec><setSpec>col_2072_478798</setSpec><setSpec>col_2072_478917</setSpec></header><metadata><record xmlns="http://www.loc.gov/MARC21/slim" xmlns:dcterms="http://purl.org/dc/terms/" xmlns:xsi="http://www.w3.org/2001/XMLSchema-instance" xmlns:doc="http://www.lyncode.com/xoai" xsi:schemaLocation="http://www.loc.gov/MARC21/slim http://www.loc.gov/standards/marcxml/schema/MARC21slim.xsd">
   <leader>00925njm 22002777a 4500</leader>
   <datafield ind2=" " ind1=" " tag="042">
      <subfield code="a">dc</subfield>
   </datafield>
   <datafield ind2=" " ind1=" " tag="720">
      <subfield code="a">Llorens, Pere</subfield>
      <subfield code="e">author</subfield>
   </datafield>
   <datafield ind2=" " ind1=" " tag="720">
      <subfield code="a">Escoda, Rosa</subfield>
      <subfield code="e">author</subfield>
   </datafield>
   <datafield ind2=" " ind1=" " tag="720">
      <subfield code="a">Miró i Andreu, Òscar</subfield>
      <subfield code="e">author</subfield>
   </datafield>
   <datafield ind2=" " ind1=" " tag="720">
      <subfield code="a">Herrero, Pablo</subfield>
      <subfield code="e">author</subfield>
   </datafield>
   <datafield ind2=" " ind1=" " tag="720">
      <subfield code="a">Martín Sánchez, Francisco Javier</subfield>
      <subfield code="e">author</subfield>
   </datafield>
   <datafield ind2=" " ind1=" " tag="720">
      <subfield code="a">Jacob, Javier</subfield>
      <subfield code="e">author</subfield>
   </datafield>
   <datafield ind2=" " ind1=" " tag="720">
      <subfield code="a">Garrido, Manuel</subfield>
      <subfield code="e">author</subfield>
   </datafield>
   <datafield ind2=" " ind1=" " tag="720">
      <subfield code="a">Pérez-Durá, María José</subfield>
      <subfield code="e">author</subfield>
   </datafield>
   <datafield ind2=" " ind1=" " tag="720">
      <subfield code="a">Gil, Cristina</subfield>
      <subfield code="e">author</subfield>
   </datafield>
   <datafield ind2=" " ind1=" " tag="720">
      <subfield code="a">Fuentes, Marta</subfield>
      <subfield code="e">author</subfield>
   </datafield>
   <datafield ind2=" " ind1=" " tag="720">
      <subfield code="a">Alonso, Héctor</subfield>
      <subfield code="e">author</subfield>
   </datafield>
   <datafield ind2=" " ind1=" " tag="720">
      <subfield code="a">Muller, Christian</subfield>
      <subfield code="e">author</subfield>
   </datafield>
   <datafield ind2=" " ind1=" " tag="720">
      <subfield code="a">Mebazaa, Alexandre</subfield>
      <subfield code="e">author</subfield>
   </datafield>
   <datafield ind2=" " ind1=" " tag="260">
      <subfield code="c">2022-07-01T16:06:35Z</subfield>
   </datafield>
   <datafield ind2=" " ind1=" " tag="260">
      <subfield code="c">2022-07-01T16:06:35Z</subfield>
   </datafield>
   <datafield ind2=" " ind1=" " tag="260">
      <subfield code="c">2015-02-11</subfield>
   </datafield>
   <datafield ind2=" " ind1=" " tag="260">
      <subfield code="c">2022-07-01T16:06:36Z</subfield>
   </datafield>
   <datafield ind2=" " ind1=" " tag="520">
      <subfield code="a">Objetivos. Presentación de los resultados del Registro EAHFE (Epidemiology of Acute Heart Failure in Emergency Departments) que recoge las características clínicas, de laboratorio, terapéuticas y la evolución de los pacientes con insuficiencia cardiaca aguda (ICA) atendidos en 29 servicios de urgencias hospitalarios (SUH) españoles. Se analizan los cambios de manejo a lo largo del tiempo; y se comparan los resultados con los de otros registros de ICA. Material y métodos. Estudio multicéntrico, de cohortes, prospectivo, de inclusión consecutiva, realizado en tres periodos (2007, 2009 y 2011). Se recogieron datos demográficos, clínicos, de laboratorio, del tratamiento farmacológico previo y el administrado en SUH y variables evolutivas (mortalidad intrahospitalaria y a los 30 días y al año, reingreso a 30 días). Se analizaron los cambios terapéuticos y evolutivos a lo largo de estos 3 periodos. Se revisó la literatura para identificar registros previos de ICA de carácter nacional o internacional. Resultados. Se incluyeron 5.845 pacientes (2007: 948, 2009: 1.483, 2011: 3.414), con edad media de 79 años y 56% mujeres. Un 34,6% era un primer episodio de ICA. Presentaron elevada comorbilidad (82% hipertensión, 42,3% diabetes mellitus, 47,7% fibrilación auricular). Un 21,9% tenía dependencia funcional grave o total. El 57,3% tenía una disfunción sistólica (FEVI 38,3%). Los principales tratamientos administrados en urgencias consistieron en diuréticos (96,8%), nitroglicerina endovenosa (20,7%), ventilación no invasiva (6,4%) y fármacos inotrópicos o vasopresores (3,6%). El 57% presentaba una tasa de filtrado glomerular disminuida. Las troponinas y los péptidos natriuréticos se determinaron en urgencias en un 49,1% y 42,4% de casos, respectivamente. Las formas de presentación se clasificaron como: normotensiva (66,4%), hipertensiva (23,5%), hipotensiva (4,6%, 0,7% con shock). El 76,1% fue ingresado (1,9% en intensivos), con una mediana de estancia hospitalaria de 7 días, y el 23,9% dado de alta desde urgencias. La mortalidad intrahospitalaria fue 7,6%, a 30 días 9,4% y al año 29,5%. A lo largo del periodo estudiado, ha aumentado la solicitud de troponinas (p &lt; 0,001) y péptidos natriuréticos (p &lt; 0,001) en urgencias, ha disminuido el uso de diuréticos en perfusión (p &lt; 0,001) y de inotropos/vasoconstrictores (p &lt; 0,001) y ha disminuido el porcentaje de reconsulta a 30 días (p = 0,004). No se observaron cambios en la mortalidad intrahospitalaria y a los 30 días entre el periodo 2007-2011. Se han revisado 14 registros anteriores (8 prospectivos), y solo en 2 la inclusión de pacientes se hizo desde el SUH. Conclusiones. El Registro EAHFE describe las características de la ICA a partir de una cohorte que se aproxima al universo de pacientes con ICA. Con el paso del tiempo se observan cambios significativos en el manejo de la ICA: las revisitas han disminuido aunque la mortalidad no se ha modificado. Aparte del Registro EAHFE, solo existen otros 2 registros en el mundo que incluyan a los pacientes con ICA atendidos en urgencias.</subfield>
   </datafield>
   <datafield tag="653" ind2=" " ind1=" ">
      <subfield code="a">Insuficiència cardíaca</subfield>
   </datafield>
   <datafield tag="653" ind2=" " ind1=" ">
      <subfield code="a">Urgències mèdiques</subfield>
   </datafield>
   <datafield tag="653" ind2=" " ind1=" ">
      <subfield code="a">Pronòstic mèdic</subfield>
   </datafield>
   <datafield tag="653" ind2=" " ind1=" ">
      <subfield code="a">Heart failure</subfield>
   </datafield>
   <datafield tag="653" ind2=" " ind1=" ">
      <subfield code="a">Medical emergencies</subfield>
   </datafield>
   <datafield tag="653" ind2=" " ind1=" ">
      <subfield code="a">Prognosis</subfield>
   </datafield>
   <datafield ind2="0" ind1="0" tag="245">
      <subfield code="a">Características clínicas, terapéuticas y evolutivas de los pacientes con insuficiencia cardiaca aguda atendidos en servicios de urgencias españoles: Registro EAHFE (Epidemiology of Acute Heart Failure in Spanish Emergency Departments)</subfield>
   </datafield>
</record></metadata></record></GetRecord></OAI-PMH>